Statistiques concernant Grand Theft Auto : Vice City - Personnages

Cliquez ici pour prendre le quiz!

Statistiques générales

  • Ce quiz a été pris 34 fois
  • Le résultat moyen est 7 sur 15

Statistiques - réponses

HintRéponse% Correct
Personnage principal, celui que nous incarnonsTommy Vercetti
88%
Avocat et ami du herosKen Rosenberg
75%
Frère du trafiquant tué et ami du héros puis deuxieme antagoniste du jeuLance Vance
71%
Dirigeant de la mafia Forelli et antagoniste du jeuSonny Forelli
67%
La fille du colonel, stripteaseuse et actrice pornographiqueMercedes Cortez
54%
Trafiquant de drogue tué dans la cinematique d'introduction (héros d'un autre GTA)Victor Vance
54%
Groupe de rock fictif du jeuLove Fist
50%
Colonel retraité impliqué dans des trafics de droguesJuan Garcia Cortez
46%
Trafiquant de drogue tué par le héros apres avoir gaché le trafic de la cinématique d'introductionRicardo Diaz
46%
Actrice X en bikiniCandy Suxxx
42%
Agent immobilier à l'allure de cowboyAvery Carrington
38%
Anglais habitué du club MalibuKent Paul
33%
Chef du Gang de motards de Vice CityBig Mitch Baker
17%
Realisateur de film X de Vice CitySteve Scott
8%
Homme du congrès qui traine avec l'actrice XAlex Shrub
4%

Distribution des résultats

Percentile par nombre de réponses

% des personnes avec chaque résultat

Votre développement - résultats

Vous n’avez pas pris ce quiz